World Chess Champions - Statistics

General Stats
  • This quiz has been taken 14 times
  • The average score is 23 of 37
Answer Stats
Year Host City Answer % Correct
1984-1985 Moscow Garry Kasparov
92%
1986 London and St. Petersburg(Leningrad) Garry Kasparov
92%
1987 Seville Garry Kasparov
92%
1990 New York City and Lyon Garry Kasparov
92%
2013 Chennai Magnus Carlsen
92%
2014 Sochi Magnus Carlsen
92%
2016 New York City Magnus Carlsen
92%
2018 London Magnus Carlsen
92%
2021 Dubai Magnus Carlsen
92%
1972 Reykjavík Bobby Fischer
77%
2000 New Dehli and Tehran Viswanathan Anand
77%
2007 Mexico City Viswanathan Anand
77%
2008 Bonn Viswanathan Anand
77%
2010 Sofia Viswanathan Anand
77%
2012 Moscow Viswanathan Anand
77%
1969 Moscow Boris Spassky
69%
1960 Moscow Mikhail Tal
69%
1975 Manila Anatoly Karpov
62%
1978 Baguio Anatoly Karpov
62%
1981 Merano Anatoly Karpov
62%
1993 Amsterdam and Jakarta Anatoly Karpov
62%
1996 Elista Anatoly Karpov
62%
1998 Groningen and Lausanne Anatoly Karpov
62%
2006 Elista Vladimir Kramnik
62%
1948 The Hague and Moscow Mikhail Botvinnik
54%
1951 Moscow Mikhail Botvinnik
54%
1954 Moscow Mikhail Botvinnik
54%
1958 Moscow Mikhail Botvinnik
54%
1961 Moscow Mikhail Botvinnik
54%
2023 Astana Ding Liren
46%
2005 San Luis and Potrero de los Funes Veselin Topalov
38%
1963 Moscow Tigran Petrosian
31%
1966 Moscow Tigran Petrosian
31%
1957 Moscow Vasily Smyslov
31%
1999 Las Vegas Alexander Khalifman
8%
2002 Moscow Ruslan Ponomariov
8%
2004 Tripoli Rustam Kasimdzhanov
8%
No matching quizzes found
Score Distribution
Percent of People with Each Score
Percentile by Number Answered
Your Score History
You have not taken this quiz